Conocimiento, sociedad y política

Guardado en:
Detalles Bibliográficos
Autores principales: Brunner, José Joaquín (Autor), Sunkel, Guillermo (Autor)
Formato: Libro
Lenguaje:español
Publicado: Santiago Flacso 1993
Materias:
Etiquetas: Agregar Etiqueta
Sin Etiquetas, Sea el primero en etiquetar este registro!

MARC

LEADER 00000nam a2200000 a 4500
001 UCY7424
003 CL-VaPUC
008 950614e19930000CL |||||||||||||||||spa|d
082 0 4 |a 300.072  |b BRU  |2 21 
100 0 |a Brunner, José Joaquín  |e author  |9 337960 
700 0 |a Sunkel, Guillermo  |e author  |9 337961 
245 1 0 |a Conocimiento, sociedad y política 
300 |a 196 p 
942 |c BK 
945 |d 19950614 00:00:00  |a rbrito 
260 |a Santiago  |b Flacso  |c 1993 
650 0 |a Análisis sociológico  |9 337962 
650 7 |a INDICADORES SOCIALES  |2 CL-VaPUC  |9 307123 
650 0 |a Política social  |9 257588 
583 |a last modification  |c 19950614 00:00:00  |k Rodrigo Vera 
999 |c 234822  |d 234820 
952 |0 0  |1 0  |4 0  |6 300_072000000000000_BRU_1993  |7 0  |8 A  |9 241544  |a BIBGIM  |b BIBGIM  |d 2019-11-18  |i 3090698  |o 300.072 BRU 1993  |p 3090698  |r 2025-01-15  |w 2019-11-18  |y BK  |k SSL